Taylor Swift - Paroles Bigger Than The Whole Sky - Statistiques

Statistiques générales
  • Ce quiz a été pris 79 fois
  • Le résultat moyen est 185 sur 248
Statistiques - réponses
Hint Réponse % Correct
I
94%
the
94%
a
92%
than
92%
sky
90%
whole
90%
You
90%
you
90%
bigger
88%
me
88%
were
88%
be
84%
just
84%
more
84%
time
84%
Refrain Goodbye,
82%
goodbye,
82%
goodbye
82%
Refrain Goodbye
82%
my
82%
short
82%
to
82%
and
80%
And
80%
in
80%
So
80%
been,
78%
been
78%
been)
78%
Couplet 1 No
78%
could've
76%
(Could've
76%
got
76%
should've
76%
I've
73%
never
73%
What
73%
(What
73%
with
73%
would've
73%
Couplet 2 Did
71%
I'm
71%
without
71%
I'll
69%
it's
69%
its
69%
live
69%
lot
69%
meet
69%
over
69%
over,
69%
words
69%
don't
67%
gonna
67%
all
65%
because
65%
didn't
65%
now,
65%
say
65%
about
63%
'Cause
63%
some
63%
thing
63%
before
61%
believe
61%
Every
61%
sadness
61%
aftermath
59%
single
59%
bird
57%
force
57%
pray?
57%
take
57%
touch
57%
appear
55%
eyes
55%
into
55%
sick
55%
Asia?
53%
pine
53%
come
51%
ears
51%
not
51%
out
51%
ashes
49%
meant
49%
becomes
47%
Salt
47%
sea
43%
turned
43%
wings
43%
flap
41%
has
41%
streams
41%
Aucun quiz correspondant
Distribution des résultats
% des personnes avec chaque résultat
Percentile par nombre de réponses
Votre historique - résultats
Vous n’avez pas pris ce quiz